| 000 | 00722nam a22002417a 4500 | ||
|---|---|---|---|
| 999 |
_c11049 _d11049 |
||
| 003 | AR-CdUCM | ||
| 008 | 190402b ||||| |||| 00| 0 spa d | ||
| 020 | _a0-525-45438-1 | ||
| 040 |
_aMUNICIPALIDAD PROVINCIAL DEL CUSCO _cBIBLIOTECA MUNICIPAL DEL CUSCO |
||
| 082 |
_aEP / 803 / _bD92 |
||
| 100 |
_aDorros, Arthur _928180 |
||
| 245 | _aAbuela / | ||
| 260 |
_aEstados Unidos : _bPicture Puffins, _c1995. |
||
| 300 |
_a60 paginas ; _bilustraciones, graficos, dibujos, _c27 cm. |
||
| 500 | _aCuento | ||
| 650 |
_aCuento _94671 |
||
| 650 |
_aHistoria _9136 |
||
| 650 |
_aTexto educativo _925832 |
||
| 700 |
_aKleven, Elisa _928181 |
||
| 700 |
_aMarulanda Dorros, Sandra _928182 |
||
| 942 |
_2ddc _cLIBROS |
||
| 945 | _apjha | ||